00521nam a2200181Ia 450000500170000000800410001704000190005804100120007708200150008910000170010424500340012126000550015530000180021050400500022865000210027865100300029985000100032920230531105025.0131103s9999 xx 000 0 und d aLoreto College aEnglish a940.1bPOW aPower,Eileen aMedieval peoplecEileen Power aHarmondsworthbPenguin Booksc1924 (1954 printing) a224 p.b ill. aIncludes bibliographical references and index aMedieval History aEurope - Medieval History aLCLIB